Statistics for Main Languages of the UK Quiz

Click here to take the quiz!

General Stats

  • This quiz has been taken 1,365 times
    (1,351 since last reset)
  • The average score is 7 of 16

Answer Stats

Speaking PopulationLangugage% Correct
59,600,000English
100%
761,000Welsh
80%
110,000Irish Gaelic
77%
1,500,000Scots
73%
521,000Polish
64%
400,000Urdu
53%
200,000Italian
43%
600,000Punjabi
38%
400,000Bengali
36%
160,000Tamil
30%
200,000Greek
27%
250,000Cantonese
24%
140,000Gujarati
23%
201,000Malayalam
12%
115,000Kashmiri
2%
550,000Sylheti
1%

Score Distribution

Percentile by Number Answered

Percent of People with Each Score

Your Score History

You have not taken this quiz since the last reset